हिन्दी व्याकरण का इतिहास (Record no. 1022443)

MARC details
000 -LEADER
fixed length control field 00840nam a2200253Ia 4500
003 - CONTROL NUMBER IDENTIFIER
control field OSt
005 - DATE AND TIME OF LATEST TRANSACTION
control field 20221005111638.0
008 - FIXED-LENGTH DATA ELEMENTS--GENERAL INFORMATION
fixed length control field 221004b |||||||| |||| 00| 0 hin d
037 ## - SOURCE OF ACQUISITION
Terms of availability Textual
040 ## - CATALOGING SOURCE
Original cataloging agency CRL
Transcribing agency CRL
Language of cataloging hin
041 ## - LANGUAGE CODE
Source of code hin
Language code of text/sound track or separate title hin
100 ## - MAIN ENTRY--PERSONAL NAME
Personal name चौधरी, अनन्त
245 #0 - TITLE STATEMENT
Title हिन्दी व्याकरण का इतिहास
246 ## - VARYING FORM OF TITLE
Title proper/short title Hindī vyākaraṇ kā itihāsa
260 ## - PUBLICATION, DISTRIBUTION, ETC.
Place of publication, distribution, etc. पटना
Name of publisher, distributor, etc. बिहार हिन्दी ग्रन्थ अकादमी भारत
Date of publication, distribution, etc. 1972
300 ## - PHYSICAL DESCRIPTION
Extent 703पृ.
Dimensions cm.
650 ## - SUBJECT ADDED ENTRY--TOPICAL TERM
Topical term or geographic name entry element भाषाशास्त्र
942 ## - ADDED ENTRY ELEMENTS (KOHA)
Classification part P1523v, L2
Koha item type Textual
Source of classification or shelving scheme
Holdings
Withdrawn status Lost status Damaged status Not for loan Home library Current library Date acquired Total Checkouts Full call number Barcode Date last seen Price effective from Koha item type
        Central Library Central Library 2022-10-05   P1523v L2 BL0926159 Bra 2022-10-05 2022-10-05 Textual
Copyright @ Delhi University Library System